000 01378nam a2200349Ia 4500
001 ebr10567161
003 CaPaEBR
006 m u
007 cr cn|||||||||
008 010710s2000 enk sb 001 0 eng d
010 _z 2001269856
020 _z0761959017
020 _z0761959025
020 _z9780761959021
020 _z9781446265390
040 _aCaPaEBR
_cCaPaEBR
035 _a(OCoLC)797836273
050 1 4 _aHM621
_b.P37 2000eb
245 0 0 _aPaul Virilio
_h[electronic resource] :
_bfrom modernism to hypermodernism and beyond /
_cedited by John Armitage.
260 _aLondon ;
_aThousand Oaks, Calif. :
_bSAGE,
_cc2000.
300 _a245 p.
500 _a"Simultaneously published as v. 16, nos. 5-6 of Theory, Culture & Society".
504 _aIncludes bibliographical references and index.
533 _aElectronic reproduction.
_bPalo Alto, Calif. :
_cebrary,
_d2011.
_nAvailable via World Wide Web.
_nAccess may be limited to ebrary affiliated libraries.
600 1 0 _aVirilio, Paul
_xCriticism and interpretation.
650 0 _aCulture
_xPhilosophy.
655 7 _aElectronic books.
_2local
700 1 _aArmitage, John,
_d1956-
710 2 _aebrary, Inc.
730 0 _aTheory, culture & society.
856 4 0 _uhttp://site.ebrary.com/lib/rucke/Doc?id=10567161
_zAn electronic book accessible through the World Wide Web; click to view
999 _c200588
_d200588